|
|
|
|
| LEADER |
01135nam a2200361 a 4500 |
| 001 |
000446870 |
| 003 |
CZ BrMZK |
| 005 |
20201218144623.0 |
| 007 |
ta |
| 008 |
990315s1999 xr e f 0 cze d |
| 015 |
|
|
|a cnb000769841
|
| 020 |
|
|
|a 80-7202-494-9
|
| 035 |
|
|
|a (OCoLC)44525876
|
| 040 |
|
|
|a BOA001
|b cze
|
| 043 |
|
|
|a ec-----
|
| 072 |
|
7 |
|a 58
|x Botanika
|2 Konspekt
|9 2
|
| 080 |
|
|
|a 581.526.42
|2 MRF
|
| 080 |
|
|
|a 630.1
|2 MRF
|
| 080 |
|
|
|a (4-191.2)
|2 MRF
|
| 080 |
|
|
|a (035)
|2 MRF
|
| 100 |
1 |
|
|a Reichholf, Josef,
|d 1945-
|7 jn19990009690
|4 aut
|
| 245 |
1 |
0 |
|a Les :
|b ekologie středoevropských lesů /
|c Josef Reichholf.
|
| 260 |
|
|
|a Praha :
|b Ikar,
|c c1999
|
| 300 |
|
|
|a 223 s. :
|b il. (větš. barev.) ;
|c 20 cm
|
| 490 |
1 |
|
|a Průvodce přírodou
|
| 650 |
0 |
7 |
|a lesní ekosystémy
|7 ph115113
|z Evropa střední
|2 czenas
|
| 650 |
0 |
7 |
|a ekologie lesa
|7 ph119818
|2 czenas
|
| 655 |
|
7 |
|a příručky
|7 fd133209
|2 czenas
|
| 765 |
0 |
|
|t Wald
|
| 830 |
|
0 |
|a Průvodce přírodou (Ikar)
|
| 910 |
|
|
|a BOA001
|b 2-1066.232
|
| 990 |
|
|
|a BK
|
| 996 |
6 |
|
|b 2610105199
|c 2-1066.232
|l MZK
|r Sklad / do 1 hodiny
|n 6
|p p.v.
|w 000446870
|u 000010
|a 1
|e BOA001
|j MZK50
|s P
|